LIBRARY ONLINE CATALOGUE

International law and the use of force / (Record no. 4195)

MARC details
000 -LEADER
fixed length control field 00714cam a22002292 4500
001 - CONTROL NUMBER
control field 0000020854
005 - DATE AND TIME OF LATEST TRANSACTION
control field 20151217145928.0
008 - FIXED-LENGTH DATA ELEMENTS--GENERAL INFORMATION
fixed length control field 111024s xx 000 0 eng d
020 ## - INTERNATIONAL STANDARD BOOK NUMBER
International Standard Book Number 0199239153 :
040 ## - CATALOGING SOURCE
Original cataloging agency KABU
Transcribing agency KABU
100 1# - MAIN ENTRY--PERSONAL NAME
Personal name Gray, Christine.
-- 0000181471
245 10 - TITLE STATEMENT
Title International law and the use of force /
Statement of responsibility, etc. Christine Gray.
250 ## - EDITION STATEMENT
Edition statement 3rd ed.
260 ## - PUBLICATION, DISTRIBUTION, ETC. (IMPRINT)
Place of publication, distribution, etc. Oxford :
Name of publisher, distributor, etc. O. U. P.,
Date of publication, distribution, etc. 2008.
300 ## - PHYSICAL DESCRIPTION
Extent xvii, 455 p.
650 #0 - SUBJECT ADDED ENTRY--TOPICAL TERM
Topical term or geographic name as entry element Intervention (International law)
-- 0000135107
650 #0 - SUBJECT ADDED ENTRY--TOPICAL TERM
Topical term or geographic name as entry element Aggression (International law)
-- 0000181472
650 #0 - SUBJECT ADDED ENTRY--TOPICAL TERM
Topical term or geographic name as entry element International police.
-- 0000181473
852 1# - LOCATION
-- p8120 KES
908 ## - PUT COMMAND PARAMETER (RLIN)
Put command parameter 111024
950 ## - LOCAL HOLDINGS (RLIN)
-- 1
Holdings
Withdrawn status Lost status Source of classification or shelving scheme Not for loan Home library Current library Date acquired Total Checkouts Total Renewals Full call number Barcode Date last seen Date last checked out Price effective from Koha item type
    Library of Congress Classification   Kabarak, Main Campus Kabarak, Main Campus 17/12/2015 2 1 KZ6374 .G73 2008 c. 4 015835 29/01/2022 12/01/2022 17/12/2015 General Collection
    Library of Congress Classification   Kabarak, Main Campus Kabarak, Main Campus 17/12/2015 4 1 KZ6374 .G73 2008 c. 5 015880 06/04/2021 18/03/2021 17/12/2015 General Collection
    Library of Congress Classification   Kabarak, Main Campus Kabarak, Main Campus 17/12/2015 11   KZ6374 .G73 2008 c. 8 015883 07/08/2023 27/07/2023 17/12/2015 General Collection
    Library of Congress Classification   Kabarak, Main Campus Kabarak, Main Campus 17/12/2015 4   KZ6374 .G73 2008 c. 7 015882 13/02/2026 23/01/2026 17/12/2015 General Collection
    Library of Congress Classification   Kabarak, Main Campus Kabarak, Main Campus 17/12/2015 6   KZ6374 .G73 2008 c. 1 19654 13/03/2023 03/03/2023 17/12/2015 General Collection
    Library of Congress Classification   Kabarak, Main Campus Kabarak, Main Campus 17/12/2015 6   KZ6374 .G73 2008 c. 3 014947 03/10/2022 28/09/2022 17/12/2015 General Collection
    Library of Congress Classification   Kabarak, Main Campus Kabarak, Main Campus 17/12/2015 3   KZ6374 .G73 2008 c. 6 015881 28/04/2021 28/04/2021 17/12/2015 General Collection
    Library of Congress Classification   Kabarak, Main Campus Kabarak, Main Campus 17/12/2015 5   KZ6374 .G73 2008 c. 2 19657 28/01/2022 11/01/2022 17/12/2015 General Collection